[Event "Lima Morales Memorial op 3rd"]
[Site "Lima"]
[Date "2013.??.??"]
[Round "2"]
[White "Perez, Rolando"]
[Black "Francia Arzapalo, Piero Hernando"]
[Result "1-0"]
[WhiteElo "2322"]
[BlackElo "1424"]
[PlyCount "117"]
[EventDate "2013.02.02"]
[EventType "swiss"]
[EventRounds "11"]
[EventCountry "PER"]
[SourceTitle "CBM 153 Extra"]
[Source "ChessBase"]
[SourceDate "2013.04.22"]
[SourceVersion "1"]
[SourceVersionDate "2013.04.22"]
[SourceQuality "1"]

1. d4 Nf6 2. c4 g6 3. Nc3 Bg7 4. e4 0-0 5. f4 d6 6. Nf3 Bg4 7. Be2 Bxf3 8. Bxf3 Nbd7 9. 0-0 Ne8 10. Be3 Rc8 11. Rc1 c5 12. d5 e6 13. Qc2 e5 14. a3 exf4 15. Bxf4 Ne5 16. Bxe5 Bxe5 17. Ne2 Ng7 18. Rb1 Qd7 19. Qd3 f5 20. exf5 Nxf5 21. Bg4 Rf7 22. Bxf5 Rxf5 23. Rxf5 gxf5 24. b3 Rf8 25. Rf1 Qf7 26. Nf4 Bxf4 27. Rxf4 Qg6 28. Kf2 Qh5 29. Qg3+ Kf7 30. Qf3 Qxf3+ 31. Rxf3 Kf6 32. Re3 Kf7 33. Re6 Rd8 34. Kf3 Rd7 35. Kf4 Kg7 36. Kxf5 Rf7+ 37. Kg4 Rf6 38. Rxf6 Kxf6 39. Kf4 Kg6 40. g4 h6 41. h4 a6 42. a4 a5 43. g5 hxg5+ 44. hxg5 b6 45. Kg4 Kg7 46. Kf5 Kf7 47. g6+ Kg8 48. Ke6 Kg7 49. Kxd6 Kxg6 50. Kc7 Kf7 51. d6 Ke8 52. d7+ Kf7 53. d8Q Ke6 54. Qd6+ Kf5 55. Kxb6 Ke4 56. Qd5+ Ke3 57. Kxc5 Ke2 58. Qd4 Ke1 59. Qd3 1-0

[Event "USA tt"]
[Site "ICC INT"]
[Date "2010.08.30"]
[Round "2"]
[White "Liou, Yian"]
[Black "Perez, Rolando"]
[Result "1-0"]
[WhiteElo "2211"]
[BlackElo "2211"]
[PlyCount "141"]
[EventDate "2010.08.23"]
[EventType "team"]
[EventRounds "10"]
[EventCountry "USA"]
[SourceTitle "CBM 138 Extra"]
[Source "ChessBase"]
[SourceDate "2010.10.29"]
[SourceVersion "1"]
[SourceVersionDate "2010.10.29"]
[SourceQuality "1"]

1. e4 c5 2. Nf3 e6 3. d4 cxd4 4. Nxd4 Nf6 5. Nc3 Nc6 6. Ndb5 Bb4 7. a3 Bxc3+ 8. Nxc3 d5 9. exd5 exd5 10. Bd3 d4 11. Ne2 Bf5 12. 0-0 Bg6 13. Nf4 0-0 14. Nxg6 hxg6 15. Re1 Qd5 16. Bf4 Rfe8 17. Qd2 Nd7 18. Rad1 Nc5 19. Bf1 Ne4 20. Qd3 Qf5 21. Bg3 Re6 22. f3 Nxg3 23. hxg3 Qf6 24. Qd2 Rae8 25. Rxe6 Qxe6 26. Bb5 a6 27. Bxc6 Qxc6 28. Qf2 Rd8 29. Rd3 Rc8 30. Rd2 Qc4 31. b3 Qc5 32. a4 Rd8 33. Rd3 Qa3 34. Kh2 Qb2 35. Qe2 Rc8 36. Rd2 Qc3 37. Qd1 Rd8 38. Rd3 Qc5 39. c3 Qh5+ 40. Kg1 Qg5 41. f4 Qa5 42. Rxd4 Re8 43. b4 Qc7 44. Qd2 Rc8 45. Kh2 Re8 46. Rd7 Qc6 47. a5 Rf8 48. Qd4 Qb5 49. Qd5 Qe2 50. Rxb7 Kh7 51. Qe5 Qc4 52. Qe7 Kg8 53. Rc7 Qd5 54. Rc5 Qd1 55. b5 axb5 56. a6 Ra8 57. a7 f5 58. Rc7 Qh5+ 59. Qh4 Qe2 60. Rd7 Qe4 61. Rd8+ Kf7 62. Rd7+ Kg8 63. Qe7 Qxe7 64. Rxe7 Kh8 65. Rb7 Kh7 66. Kh3 g5 67. Kh2 Kg6 68. Kg1 Kh7 69. Kf2 Kg6 70. Ke3 Kh5 71. Rxg7 1-0

[Event "Figueira da Foz op 5th"]
[Site "Figueira da Foz"]
[Date "2008.12.06"]
[Round "8"]
[White "Spraggett, Kevin"]
[Black "Perez, Rolando"]
[Result "1-0"]
[WhiteElo "2597"]
[BlackElo "2322"]
[PlyCount "66"]
[EventDate "2008.11.30"]
[EventType "swiss"]
[EventRounds "9"]
[EventCountry "POR"]
[SourceTitle "CBM 127 Extra"]
[Source "ChessBase"]
[SourceDate "2009.01.08"]
[SourceVersion "2"]
[SourceVersionDate "2009.01.28"]
[SourceQuality "1"]

1. e4 d5 2. exd5 Qxd5 3. Nf3 Bg4 4. Be2 Nc6 5. d4 0-0-0 6. Be3 Nh6 7. Nbd2 Nf5 8. c4 Qa5 9. 0-0 Bxf3 10. Nxf3 e5 11. d5 Nxe3 12. fxe3 f6 13. a3 Qb6 14. Qd3 Ne7 15. b4 Qd6 16. e4 c5 17. Kh1 Kb8 18. Nd2 Rc8 19. bxc5 Rxc5 20. Nb3 Ng6 21. Nxc5 Qxc5 22. Rab1 b6 23. a4 Nf4 24. Qd2 Kc7 25. Bf3 Qd4 26. Qc2 Qd3 27. Qa2 Qa3 28. Qc2 Qd3 29. Qb2 Bc5 30. Qb5 Rc8 31. a5 Kd8 32. axb6 axb6 33. Ra1 Ra8 1-0

[Event "Figueira da Foz op 5th"]
[Site "Figueira da Foz"]
[Date "2008.12.01"]
[Round "2"]
[White "Cruz, Jorge Filipe Egas"]
[Black "Perez, Rolando"]
[Result "0-1"]
[WhiteElo "2139"]
[BlackElo "2322"]
[PlyCount "66"]
[EventDate "2008.11.30"]
[EventType "swiss"]
[EventRounds "9"]
[EventCountry "POR"]
[SourceTitle "CBM 127 Extra"]
[Source "ChessBase"]
[SourceDate "2009.01.08"]
[SourceVersion "2"]
[SourceVersionDate "2009.01.28"]
[SourceQuality "1"]

1. e4 g6 2. d4 Bg7 3. Nf3 c6 4. Nc3 d5 5. h3 dxe4 6. Nxe4 Bf5 7. Ng3 Be6 8. Be2 Bd5 9. Be3 Nf6 10. 0-0 Ne4 11. Nxe4 Bxe4 12. Ng5 Bf5 13. Bc4 0-0 14. c3 b5 15. Bb3 h6 16. Nf3 Nd7 17. a4 Be4 18. Qe2 Nf6 19. Nd2 Bd5 20. axb5 cxb5 21. Qxb5 Rb8 22. Qa4 Bxb3 23. Nxb3 Qb6 24. Ra3 Nd5 25. c4 Nxe3 26. fxe3 e5 27. c5 Qe6 28. Rd1 Qd5 29. Rd2 exd4 30. exd4 Rfe8 31. c6 Re1+ 32. Kh2 Bf8 33. c7 Bd6+ 0-1

[Event "Hermanos Almejeiras"]
[Site "Las Tunas"]
[Date "2005.10.19"]
[Round "11"]
[White "Perez, Rolando"]
[Black "Ortiz Suarez, Isan Reynaldo"]
[Result "0-1"]
[WhiteElo "2292"]
[BlackElo "2439"]
[PlyCount "62"]
[EventDate "2005.10.13"]
[EventType "tourn"]
[EventRounds "14"]
[EventCountry "CUB"]
[EventCategory "5"]
[SourceTitle "EXT 2023"]
[Source "ChessBase"]
[SourceDate "2022.10.05"]
[SourceVersion "1"]
[SourceVersionDate "2022.10.05"]
[SourceQuality "1"]

1. Nf3 g6 2. c4 Bg7 3. Nc3 c5 4. g3 Nc6 5. Bg2 e6 6. 0-0 Nge7 7. e4 0-0 8. d3 d6 9. Be3 Nd4 10. Bxd4 cxd4 11. Ne2 e5 12. b4 f5 13. Nd2 f4 14. f3 g5 15. g4 Ng6 16. Qb3 Be6 17. b5 Nh4 18. Qb4 h5 19. h3 Qd7 20. Rf2 Rf6 21. Raf1 Bf8 22. Qb2 Be7 23. Nc1 Raf8 24. Ncb3 R8f7 25. a4 Rh6 26. c5 hxg4 27. fxg4 Nxg2 28. Rxg2 Rxh3 29. c6 bxc6 30. bxc6 Qxc6 31. Nf3 Qb6 0-1

[Event "Hermanos Almejeiras"]
[Site "Las Tunas"]
[Date "2005.10.18"]
[Round "10"]
[White "Corrales Jimenez, Fidel"]
[Black "Perez, Rolando"]
[Result "1/2-1/2"]
[WhiteElo "2470"]
[BlackElo "2292"]
[PlyCount "22"]
[EventDate "2005.10.13"]
[EventType "tourn"]
[EventRounds "14"]
[EventCountry "CUB"]
[EventCategory "5"]
[SourceTitle "EXT 2023"]
[Source "ChessBase"]
[SourceDate "2022.10.05"]
[SourceVersion "1"]
[SourceVersionDate "2022.10.05"]
[SourceQuality "1"]

1. e4 e5 2. Nf3 Nc6 3. Bb5 a6 4. Bxc6 dxc6 5. d4 exd4 6. Qxd4 Qxd4 7. Nxd4 Bd7 8. Nc3 c5 9. Nde2 0-0-0 10. Bf4 f6 11. 0-0-0 Ne7 1/2-1/2

[Event "Hermanos Almejeiras"]
[Site "Las Tunas"]
[Date "2005.10.18"]
[Round "9"]
[White "Perez, Rolando"]
[Black "Fernandez Cardoso, Alexey"]
[Result "1-0"]
[WhiteElo "2292"]
[BlackElo "2353"]
[PlyCount "47"]
[EventDate "2005.10.13"]
[EventType "tourn"]
[EventRounds "14"]
[EventCountry "CUB"]
[EventCategory "5"]
[SourceTitle "EXT 2023"]
[Source "ChessBase"]
[SourceDate "2022.10.05"]
[SourceVersion "1"]
[SourceVersionDate "2022.10.05"]
[SourceQuality "1"]

1. Nf3 Nf6 2. c4 g6 3. b4 Bg7 4. Bb2 0-0 5. g3 d6 6. Bg2 e5 7. d3 Nc6 8. a3 h6 9. 0-0 Be6 10. Nc3 d5 11. cxd5 Nxd5 12. Ne4 f5 13. Nc5 Bc8 14. Qb3 Kh7 15. Nxe5 Nxe5 16. Bxd5 c6 17. Be6 Qe7 18. Bxc8 Raxc8 19. Ne6 Rf7 20. Nxg7 Rxg7 21. f4 Ng4 22. e4 Rf7 23. Rae1 Qd7 24. h3 1-0